[Event "81759 VI. Rakosmente Open"]
[Site "Budapest, Hungary"]
[Date "2013.06.14"]
[Round "1.2"]
[White "Karacsonyi, Gellert"]
[Black "Mihok, Laszlo"]
[Result "0-1"]
[WhiteElo "1687"]
[BlackElo "2109"]
[PlyCount "70"]
[EventDate "2013.??.??"]

1. e4 e5 2. Nf3 Nc6 3. Bb5 Nge7 4. O-O g6 5. d4 exd4 6. Nxd4 Bg7 7. Be3 O-O 8.
Nc3 a6 9. Bc4 b5 10. Bb3 Na5 11. Qe2 c5 12. Ndxb5 axb5 13. Bxc5 Ba6 14. Qe3
Nxb3 15. axb3 Re8 16. Rfd1 Qc8 17. Bxe7 Rxe7 18. Nd5 Re6 19. Nb6 Rxb6 20. Qxb6
Bxb2 21. Ra2 Bc3 22. h3 Be5 23. g3 Qb7 24. Qxb7 Bxb7 25. Rxa8+ Bxa8 26. Rxd7
Bxe4 27. Re7 f6 28. Re8+ Kf7 29. Rc8 Bf5 30. Rc5 b4 31. Rc4 Bc3 32. Rc7+ Ke6
33. Rxh7 Bxc2 34. Ra7 Bxb3 35. Ra6+ Kd5 0-1

[Event "81759 VI. Rakosmente Open"]
[Site "Budapest, Hungary"]
[Date "2013.06.14"]
[Round "1.3"]
[White "Matuska, Miklos"]
[Black "Czimer, Jozsef"]
[Result "1/2-1/2"]
[WhiteElo "2104"]
[BlackElo "1669"]
[PlyCount "110"]
[EventDate "2013.??.??"]

1. Nf3 b6 2. g3 Bb7 3. Bg2 Nf6 4. O-O d6 5. d4 Nbd7 6. c4 e6 7. Nc3 Be7 8. b3
O-O 9. Bb2 Re8 10. Qc2 h6 11. e4 e5 12. dxe5 dxe5 13. Rad1 Bc5 14. Nd5 Nxd5 15.
exd5 Qf6 16. Nd2 Rad8 17. Ne4 Qg6 18. Qd2 Bf8 19. a3 f5 20. Nc3 a6 21. Rfe1 Nc5
22. b4 Nb3 23. Qd3 Nd4 24. Na4 c5 25. dxc6 Bxc6 26. Bd5+ Bxd5 27. cxd5 b5 28.
Bxd4 exd4 29. Rxe8 Rxe8 30. Nc5 a5 31. Qxd4 axb4 32. axb4 Bd6 33. Qd3 Rb8 34.
Re1 Qg4 35. Qe2 Qxe2 36. Rxe2 Rc8 37. Nd3 Rc4 38. Re6 Bxb4 39. Nxb4 Rxb4 40.
Rb6 f4 41. Kg2 fxg3 42. hxg3 Rb3 43. Kh3 Rf3 44. Kg2 Rb3 45. f4 Kf7 46. Kh3 g6
47. Kg4 h5+ 48. Kh4 Kg7 49. g4 hxg4 50. Kxg4 Rb1 51. Kf3 Rb4 52. Ke3 Kf7 53.
Rb7+ Kf6 54. Rb6+ Kf7 55. Rb7+ Kf6 1/2-1/2

[Event "81759 VI. Rakosmente Open"]
[Site "Budapest, Hungary"]
[Date "2013.06.14"]
[Round "1.4"]
[White "Csermely, Zoltan"]
[Black "Markos, Adam"]
[Result "0-1"]
[WhiteElo "1662"]
[BlackElo "2073"]
[PlyCount "96"]
[EventDate "2013.??.??"]

1. e4 e6 2. Nf3 d5 3. exd5 exd5 4. d4 Bd6 5. Bd3 Bg4 6. O-O Nc6 7. c3 Qd7 8.
Bg5 Nge7 9. Nbd2 O-O-O 10. Qa4 Kb8 11. b4 f6 12. b5 Nxd4 13. Be3 c5 14. cxd4 c4
15. Ne5 Bxe5 16. dxe5 d4 17. Bf4 Ka8 18. Nxc4 Nd5 19. exf6 gxf6 20. Be4 Nxf4
21. Nb6+ Kb8 22. Nxd7+ Rxd7 23. b6 axb6 24. Rfe1 Rhd8 25. f3 Be6 26. Qb5 f5 27.
Bxf5 Rd5 28. Qxd5 Bxd5 29. g3 Nh5 30. Kf2 Ng7 31. Be4 Bc6 32. h4 h6 33. g4 Ba4
34. g5 hxg5 35. hxg5 d3 36. f4 d2 37. Red1 Bxd1 38. Rxd1 Ne6 39. Ke3 Rf8 40. g6
Rxf4 41. Rxd2 Rg4 42. Bf5 Rg5 43. Ke4 Ng7 44. Rd8+ Ka7 45. Rf8 Nxf5 46. Kf4
Rxg6 47. Rxf5 Rg2 48. a4 Ra2 0-1

[Event "81759 VI. Rakosmente Open"]
[Site "Budapest, Hungary"]
[Date "2013.06.14"]
[Round "1.5"]
[White "Mitlasovszki, Imre"]
[Black "Olah, Laszlo Istvan"]
[Result "1-0"]
[WhiteElo "2044"]
[BlackElo "1641"]
[PlyCount "61"]
[EventDate "2013.??.??"]

1. e4 e5 2. d4 exd4 3. c3 d5 4. exd5 Qxd5 5. cxd4 Bb4+ 6. Nc3 Nf6 7. Nf3 Bg4 8.
Be2 O-O 9. O-O Bxc3 10. bxc3 Nc6 11. Be3 Ne4 12. c4 Qa5 13. Qc2 Rae8 14. d5 Ne5
15. Nd4 Bxe2 16. Nxe2 Nc5 17. Rab1 Ned3 18. Rfd1 Qa3 19. Nc3 f5 20. Nb5 Qa5 21.
Rxd3 Nxd3 22. Qxd3 f4 23. Bd2 Qxa2 24. Nxc7 Re5 25. Kf1 f3 26. Be3 fxg2+ 27.
Kxg2 Rg5+ 28. Kh1 Rxf2 29. Bxf2 Qxf2 30. Qf1 Qc2 31. Re1 1-0

[Event "81759 VI. Rakosmente Open"]
[Site "Budapest, Hungary"]
[Date "2013.06.14"]
[Round "1.6"]
[White "Bege, Mate"]
[Black "Yip, Michael"]
[Result "0-1"]
[WhiteElo "1637"]
[BlackElo "2007"]
[PlyCount "120"]
[EventDate "2013.??.??"]

1. e4 c5 2. Nf3 e6 3. b3 Nc6 4. Bb2 Nf6 5. Nc3 Qc7 6. Be2 Be7 7. O-O O-O 8. d4
cxd4 9. Nxd4 a6 10. Kh1 d6 11. f4 Bd7 12. Bf3 b5 13. a3 Rac8 14. Qd2 Rfd8 15.
Rae1 Be8 16. g3 Qb6 17. Nce2 Bf8 18. Nxc6 Bxc6 19. Bxf6 gxf6 20. Qd4 Qxd4 21.
Nxd4 Bb7 22. Rf2 d5 23. exd5 Bxd5 24. Bxd5 Rxd5 25. Nf3 Bxa3 26. Ra1 b4 27. Ra2
a5 28. Nd2 Rd4 29. Nc4 Rdxc4 30. bxc4 Rxc4 31. Kg2 Rc5 32. Rd2 Kg7 33. Rd7 h5
34. Ra7 Kg6 35. Kf3 e5 36. Ke4 f5+ 37. Kf3 f6 38. Ra6 Kf7 39. Ra7+ Ke6 40. Ra6+
Ke7 41. Ra7+ Kd6 42. Ra6+ Rc6 43. Rxa5 Rc3+ 44. Kf2 h4 45. Ra6+ Ke7 46. Ra7+
Ke6 47. Ra6+ Kf7 48. Ra7+ Kg6 49. Ra6 exf4 50. gxf4 h3 51. Ra7 Bc1 52. Rd7 Bxf4
53. Ra8 Kh5 54. Rg7 Bg5 55. Rd7 Rxc2+ 56. Kg3 Rc3+ 57. Kf2 b3 58. Rh7+ Kg4 59.
Ra4+ f4 60. Rb4 Rc2+ 0-1

[Event "81759 VI. Rakosmente Open"]
[Site "Budapest, Hungary"]
[Date "2013.06.14"]
[Round "1.7"]
[White "Terbe, Julianna"]
[Black "Kovacs, Gabor Etele"]
[Result "1-0"]
[WhiteElo "1928"]
[BlackElo "1558"]
[PlyCount "65"]
[EventDate "2013.??.??"]

1. e4 e6 2. d4 d5 3. Nd2 dxe4 4. Nxe4 Nd7 5. Bd3 Ngf6 6. Qe2 Be7 7. Nf3 O-O 8.
Bd2 Nxe4 9. Qxe4 Nf6 10. Qe2 Bd7 11. Ne5 c5 12. dxc5 Bxc5 13. Nxd7 Qxd7 14. O-O
Rfd8 15. Rad1 Qc7 16. Qf3 Nd5 17. Qe4 Nf6 18. Qh4 Rd4 19. Qh3 e5 20. Bg5 e4 21.
Bxf6 gxf6 22. Qg4+ Kh8 23. Bxe4 Rxd1 24. Rxd1 Rd8 25. Bd3 Qe5 26. Qh4 h5 27.
Kf1 Qg5 28. Qe4 Kg8 29. Re1 b6 30. Qh7+ Kf8 31. Qh8+ Qg8 32. Qxh5 Bb4 33. Re4
1-0

[Event "81759 VI. Rakosmente Open"]
[Site "Budapest, Hungary"]
[Date "2013.06.14"]
[Round "1.8"]
[White "Toth, Viktor"]
[Black "Sulcz, Istvan"]
[Result "0-1"]
[WhiteElo "1402"]
[BlackElo "1903"]
[PlyCount "92"]
[EventDate "2013.??.??"]

1. e4 c5 2. Nf3 Nc6 3. d4 cxd4 4. Nxd4 Nf6 5. Nc3 e5 6. Nf3 Bb4 7. Bg5 h6 8.
Bxf6 Bxc3+ 9. bxc3 Qxf6 10. Bc4 O-O 11. O-O d6 12. Bd5 Bg4 13. Rb1 Rab8 14. Qd3
Bxf3 15. Qxf3 Qxf3 16. gxf3 Rfc8 17. Rfd1 b6 18. Bb3 Kf8 19. Rxd6 Ke7 20. Rd3
f6 21. Rbd1 Rd8 22. Rxd8 Rxd8 23. Rxd8 Nxd8 24. Kg2 Ne6 25. Bxe6 Kxe6 26. Kg3
b5 27. f4 f5 28. exf5+ Kxf5 29. fxe5 Kxe5 30. f4+ Ke4 31. Kg4 g6 32. h3 a6 33.
h4 a5 34. a3 a4 35. c4 bxc4 36. c3 Ke3 37. f5 gxf5+ 38. Kxf5 Kd3 39. Kg6 Kxc3
40. Kxh6 Kb3 41. Kg7 c3 42. h5 c2 43. h6 c1=Q 44. h7 Qc3+ 45. Kf7 Qh8 46. Kg6
Kxa3 0-1

[Event "81759 VI. Rakosmente Open"]
[Site "Budapest, Hungary"]
[Date "2013.06.14"]
[Round "1.9"]
[White "Terbe, Zsuzsanna"]
[Black "Xiao Hu, Chen"]
[Result "1-0"]
[WhiteElo "1866"]
[BlackElo "1397"]
[PlyCount "53"]
[EventDate "2013.??.??"]

1. e4 c5 2. c4 Nc6 3. Nf3 e5 4. Nc3 d6 5. d3 Bg4 6. Be2 Nf6 7. h3 Bh5 8. O-O
Be7 9. a3 O-O 10. Rb1 Qa5 11. Bd2 Bxf3 12. Bxf3 Nd4 13. Bg4 Qc7 14. f4 Nxg4 15.
Qxg4 f5 16. exf5 Rxf5 17. fxe5 Raf8 18. Bh6 Rxf1+ 19. Rxf1 Rxf1+ 20. Kxf1 Bf8
21. exd6 Qxd6 22. Bf4 h5 23. Bxd6 hxg4 24. Bxf8 Kxf8 25. hxg4 Kf7 26. Kf2 Kf6
27. Ne4+ 1-0

[Event "81759 VI. Rakosmente Open"]
[Site "Budapest, Hungary"]
[Date "2013.06.14"]
[Round "1.10"]
[White "Galambos, Manuel"]
[Black "Szentgyorgyi, Sandor"]
[Result "0-1"]
[WhiteElo "1396"]
[BlackElo "1861"]
[PlyCount "46"]
[EventDate "2013.??.??"]

1. e4 c5 2. Nf3 Nc6 3. d4 cxd4 4. Nxd4 Qb6 5. Nf3 Nf6 6. Nc3 d6 7. b3 g6 8. Be3
Qc7 9. Qd2 Bg7 10. Be2 Nxe4 11. Nd4 Nxd2 12. Bxd2 Nxd4 13. O-O-O Nxe2+ 14. Nxe2
Bf5 15. c3 a5 16. a4 O-O 17. Rhe1 Rac8 18. Kb2 Bd3 19. Nd4 Bxd4 20. cxd4 Qc2+
21. Ka3 Bc4 22. bxc4 Rxc4 23. Bb4 axb4# 0-1

[Event "81759 VI. Rakosmente Open"]
[Site "Budapest, Hungary"]
[Date "2013.06.14"]
[Round "1.11"]
[White "Lakat, Gyula"]
[Black "Karacsonyi, Kata"]
[Result "1-0"]
[WhiteElo "1860"]
[BlackElo "1309"]
[PlyCount "45"]
[EventDate "2013.??.??"]

1. d4 Nf6 2. c4 e6 3. Nf3 d5 4. Nc3 Bb4 5. a3 Bxc3+ 6. bxc3 dxc4 7. Qa4+ Bd7 8.
Qxc4 O-O 9. g3 Nc6 10. Bg2 Re8 11. O-O e5 12. Nxe5 Nxe5 13. dxe5 Rxe5 14. Bxb7
Bh3 15. Bxa8 Bxf1 16. Kxf1 Qxa8 17. f3 Qd8 18. Bf4 Rh5 19. g4 Rh4 20. Qxc7 Qf8
21. Rd1 Ne8 22. Qd8 Kh8 23. Qxh4 1-0

[Event "81759 VI. Rakosmente Open"]
[Site "Budapest, Hungary"]
[Date "2013.06.14"]
[Round "1.12"]
[White "Viola, Gellert"]
[Black "Bartuszek, Andras"]
[Result "0-1"]
[WhiteElo "1296"]
[BlackElo "1846"]
[PlyCount "62"]
[EventDate "2013.??.??"]

1. e4 c5 2. Nf3 d6 3. d4 cxd4 4. Nxd4 Nf6 5. Nc3 a6 6. a4 b6 7. b3 g6 8. Bb2
Bg7 9. Be2 O-O 10. O-O Bb7 11. f3 e5 12. Nf5 gxf5 13. exf5 d5 14. f4 e4 15. Re1
Qd6 16. Ba3 Qxf4 17. Bxf8 Bxf8 18. Kh1 Bd6 19. g3 Qe5 20. Na2 d4 21. Kg1 Nbd7
22. Rf1 d3 23. cxd3 Bc5+ 24. Kh1 Re8 25. dxe4 Nxe4 26. Bf3 Ndf6 27. Rc1 Qxf5
28. b4 Bf2 29. Kg2 Ng4 30. Bxg4 Ng5+ 31. Bf3 Bxf3+ 0-1

[Event "81759 VI. Rakosmente Open"]
[Site "Budapest, Hungary"]
[Date "2013.06.14"]
[Round "1.13"]
[White "Abraham, Lajos"]
[Black "Bangha, Otto Peter"]
[Result "1-0"]
[WhiteElo "1828"]
[BlackElo "1274"]
[PlyCount "46"]
[EventDate "2013.??.??"]

1. c4 e5 2. Nc3 Nf6 3. Nf3 Nc6 4. d4 exd4 5. Nxd4 Bc5 6. Nb3 Be7 7. e4 O-O 8.
Be2 d6 9. Bf4 Be6 10. h3 Qd7 11. Qd2 Nd8 12. Rd1 c6 13. Bxd6 Bxd6 14. Qxd6 Qxd6
15. Rxd6 Bd7 16. e5 Be6 17. exf6 gxf6 18. Nd4 Kh8 19. Nxe6 fxe6 20. O-O Rg8 21.
Kh2 Rg6 22. Rfd1 Nf7 23. Rxe6 Ng5 1-0

[Event "81759 VI. Rakosmente Open"]
[Site "Budapest, Hungary"]
[Date "2013.06.14"]
[Round "1.14"]
[White "Quan, Vu"]
[Black "Polyanszky-Tamasi, Zoltan"]
[Result "1/2-1/2"]
[WhiteElo "1192"]
[BlackElo "1822"]
[PlyCount "98"]
[EventDate "2013.??.??"]

1. d4 Nf6 2. c4 e5 3. dxe5 Ng4 4. Nf3 Bb4+ 5. Bd2 Bxd2+ 6. Qxd2 Nc6 7. Qf4 Nh6
8. Nc3 O-O 9. e3 f6 10. Qg3 Nf5 11. Qf4 fxe5 12. Nxe5 Nfd4 13. Nxc6 Rxf4 14.
Nxd8 Nc2+ 15. Ke2 Nxa1 16. exf4 Nc2 17. Kd2 Nd4 18. c5 b6 19. Bc4+ Kf8 20. Nf7
bxc5 21. Ne5 c6 22. Nf3 Nxf3+ 23. gxf3 d5 24. Bd3 g6 25. b3 Rb8 26. h4 Be6 27.
h5 Kg7 28. Rg1 Rd8 29. f5 Bc8 30. fxg6 h6 31. Re1 Kf6 32. Rg1 Kg7 33. Ne2 a5
34. Ng3 Rf8 35. Ke3 Re8+ 36. Kf4 a4 37. Nf5+ Bxf5 38. Bxf5 Re2 39. Bd3 Rxa2 40.
bxa4 c4 41. Bxc4 dxc4 42. Ke3 c3 43. Rc1 Rxa4 44. Rxc3 Ra5 45. Rxc6 Rxh5 46.
Kf4 Rh2 47. Kg3 Rh1 48. Kf4 Rg1 49. Kf5 Rg5+ 1/2-1/2

[Event "81759 VI. Rakosmente Open"]
[Site "Budapest, Hungary"]
[Date "2013.06.14"]
[Round "1.15"]
[White "Szurkos, Andras"]
[Black "Toth, Nikoletta"]
[Result "1-0"]
[WhiteElo "1816"]
[BlackElo "1126"]
[PlyCount "73"]
[EventDate "2013.??.??"]

1. e4 e5 2. Bc4 Nf6 3. d3 Nc6 4. Nf3 d6 5. h3 Qe7 6. c3 Be6 7. Bxe6 Qxe6 8. Ng5
Qd7 9. Qb3 d5 10. O-O h6 11. Nf3 d4 12. cxd4 Nxd4 13. Nxd4 exd4 14. Qxb7 Qd8
15. Bf4 Rb8 16. Qc6+ Qd7 17. Qxd7+ Nxd7 18. b3 Rb7 19. Nd2 Bb4 20. Nf3 O-O 21.
Rac1 c5 22. Rc2 Re8 23. Bd2 Bxd2 24. Rxd2 a5 25. Rc2 Rb5 26. Rfc1 Rc8 27. Nxd4
Rb4 28. Nf5 Rc7 29. Ne7+ Kf8 30. Nd5 Rc8 31. Nxb4 axb4 32. d4 Nf6 33. f3 g6 34.
Rxc5 Rb8 35. Rc8+ Rxc8 36. Rxc8+ Ne8 37. Rb8 1-0

[Event "81759 VI. Rakosmente Open"]
[Site "Budapest, Hungary"]
[Date "2013.06.15"]
[Round "2.1"]
[White "Mihok, Laszlo"]
[Black "Bartuszek, Andras"]
[Result "1-0"]
[WhiteElo "2109"]
[BlackElo "1846"]
[PlyCount "95"]
[EventDate "2013.??.??"]

1. Nf3 Nf6 2. g3 g6 3. b3 Bg7 4. Bb2 O-O 5. Bg2 d5 6. c4 c6 7. O-O dxc4 8. bxc4
Qb6 9. Qc2 Na6 10. d3 Be6 11. Nc3 Rfc8 12. Na4 Qc7 13. Be5 Qd7 14. Rfd1 b5 15.
Nb2 Ng4 16. Bxg7 Kxg7 17. Ng5 Rab8 18. a3 Nc7 19. Nxe6+ Nxe6 20. e3 h5 21. Rd2
f6 22. d4 Ng5 23. Rc1 b4 24. axb4 Rxb4 25. Nd3 Rbb8 26. Nc5 Qd6 27. Ra1 Rb4 28.
h3 Ne5 29. dxe5 Qxc5 30. exf6+ Kxf6 31. h4 Nf7 32. Qc3+ e5 33. Rc1 Rcb8 34. Qd3
Rd8 35. Qc2 Rxd2 36. Qxd2 Rxc4 37. Rxc4 Qxc4 38. Qd7 e4 39. Qxa7 Qc1+ 40. Kh2
Qc4 41. Qc7 Ne5 42. Qd6+ Qe6 43. Qxe6+ Kxe6 44. Bxe4 c5 45. Kg2 Kf6 46. Kf1 g5
47. hxg5+ Kxg5 48. f4+ 1-0

[Event "81759 VI. Rakosmente Open"]
[Site "Budapest, Hungary"]
[Date "2013.06.15"]
[Round "2.2"]
[White "Markos, Adam"]
[Black "Abraham, Lajos"]
[Result "1-0"]
[WhiteElo "2073"]
[BlackElo "1828"]
[PlyCount "126"]
[EventDate "2013.??.??"]

1. e4 c5 2. Nf3 d6 3. d3 Nc6 4. g3 Nf6 5. Bg2 g6 6. O-O Bg7 7. c3 O-O 8. Nbd2
e5 9. Nc4 b5 10. Ne3 a5 11. Ng5 Bh6 12. Nxf7 Rxf7 13. f4 a4 14. Nd5 Nxd5 15.
exd5 Na7 16. fxe5 Rxf1+ 17. Qxf1 Bxc1 18. e6 Be3+ 19. Kh1 Qe7 20. Qe2 Bg5 21.
Rf1 Bxe6 22. dxe6 Rf8 23. Re1 Bf6 24. Qe4 Nc8 25. Qc6 Na7 26. Qb6 a3 27. bxa3
Bxc3 28. Re2 Bd4 29. Bd5 Kg7 30. Re4 Rf5 31. Bb7 Re5 32. Rxe5 dxe5 33. Qxa7 c4
34. Qa8 Qf6 35. Bf3 Qxe6 36. Qb7+ Qf7 37. Qxf7+ Kxf7 38. dxc4 bxc4 39. Bd5+ Ke7
40. Bxc4 e4 41. Kg2 Kd6 42. Bg8 h6 43. Bh7 g5 44. Bxe4 Ke5 45. Bc2 h5 46. h4
gxh4 47. gxh4 Kf4 48. Bd1 Bf6 49. Kh3 Be7 50. a4 Bd8 51. Bxh5 Ba5 52. Bd1 Be1
53. h5 Kg5 54. Kg2 Bc3 55. Kf2 Kf4 56. Ke2 Ke4 57. Bc2+ Kd4 58. Kf3 Ke5 59. Kg4
Kf6 60. h6 Bd2 61. h7 Kg7 62. Bf5 Bc3 63. Kf4 Kf6 1-0

[Event "81759 VI. Rakosmente Open"]
[Site "Budapest, Hungary"]
[Date "2013.06.15"]
[Round "2.3"]
[White "Bege, Levente"]
[Black "Mitlasovszki, Imre"]
[Result "1-0"]
[WhiteElo "1815"]
[BlackElo "2044"]
[PlyCount "131"]
[EventDate "2013.??.??"]

1. e4 e5 2. Nf3 Nf6 3. Nxe5 d6 4. Nf3 Nxe4 5. Nc3 Nxc3 6. dxc3 Be7 7. Be3 O-O
8. Qd2 Be6 9. Bd3 Nc6 10. Ng5 Bxg5 11. Bxg5 f6 12. Be3 Ne5 13. O-O-O Qb8 14.
Be4 a5 15. Bd5 Bf7 16. h3 Qe8 17. b3 a4 18. Kb2 Qb5 19. Bxf7+ Rxf7 20. Qd5 Qa6
21. Ra1 a3+ 22. Kc1 Kf8 23. Kd2 Rd8 24. Rad1 c6 25. Qd4 Kg8 26. Qb6 Qa8 27. Kc1
d5 28. Bd4 Rfd7 29. Rhe1 Nf7 30. Re2 Nd6 31. f3 Nb5 32. Rde1 Kf7 33. Kd2 Qb8
34. Qc5 Qf4+ 35. Kd1 Nd6 36. Qxa3 Nf5 37. Qc5 Nxd4 38. cxd4 Qc7 39. Re6 Rd6 40.
Rxd6 Qxd6 41. Qxd6 Rxd6 42. Kd2 Rd8 43. Kc3 Ra8 44. a4 b6 45. Ra1 Ke6 46. b4
Kd6 47. Kb3 h5 48. a5 h4 49. c4 dxc4+ 50. Kxc4 b5+ 51. Kd3 Re8 52. Kd2 Kd5 53.
Re1 Rd8 54. Kd3 Rd7 55. Re8 g5 56. Rf8 Ke6 57. Ke4 Rd5 58. Rb8 f5+ 59. Kd3 Rd7
60. Rg8 Kf6 61. Rc8 Rd6 62. a6 c5 63. a7 Rxd4+ 64. Ke2 Rxb4 65. a8=Q Rb2+ 66.
Kd1 1-0

[Event "81759 VI. Rakosmente Open"]
[Site "Budapest, Hungary"]
[Date "2013.06.15"]
[Round "2.4"]
[White "Yip, Michael"]
[Black "Szurkos, Andras"]
[Result "1-0"]
[WhiteElo "2007"]
[BlackElo "1816"]
[PlyCount "171"]
[EventDate "2013.??.??"]

1. d4 d5 2. c4 e5 3. dxe5 d4 4. Nf3 Nc6 5. a3 Bg4 6. Nbd2 Nge7 7. h3 Bxf3 8.
Nxf3 Ng6 9. b4 Ncxe5 10. Nxd4 Nxc4 11. e3 Nd6 12. Bb2 Be7 13. Bd3 O-O 14. O-O
Ne5 15. Bxh7+ Kxh7 16. Qh5+ Kg8 17. Qxe5 Nc4 18. Nc6 Nxe5 19. Nxd8 Nc4 20. Nxb7
Nxb2 21. Na5 c5 22. bxc5 Bxc5 23. Rfc1 Bb6 24. Nc6 Na4 25. Rc4 g6 26. Rxa4 Rfe8
27. Rd1 Re6 28. Nd4 Rd6 29. Rc4 Rad8 30. h4 f5 31. g3 Kf7 32. Kg2 Kf6 33. Rd2
R8d7 34. a4 Rd5 35. Kf3 Ke5 36. Rc6 Bxd4 37. exd4+ Rxd4 38. Rxd4 Rxd4 39. Ra6
Rd3+ 40. Ke2 Ra3 41. Rxa7 Ra2+ 42. Kf3 Ra3+ 43. Kg2 f4 44. g4 Ra1 45. Re7+ Kf6
46. Re4 g5 47. h5 Ra3 48. Rb4 Kg7 49. Rb5 Rxa4 50. Rxg5+ Kh6 51. Rf5 Ra3 52.
Rxf4 Kg5 53. Re4 Kh4 54. Re3 Ra4 55. Rg3 Ra7 56. Kf3 Rf7+ 57. Ke2 Ra7 58. Rg1
Ra2+ 59. Ke3 Ra3+ 60. Kd4 Rf3 61. h6 Kg5 62. h7 Rf8 63. Rh1 Rh8 64. f3 Kg6 65.
Ke5 Kg7 66. f4 Re8+ 67. Kf5 Rf8+ 68. Kg5 Kh8 69. f5 Rf7 70. Kf4 Ra7 71. Re1
Kxh7 72. g5 Kg7 73. Re4 Kf7 74. Kg4 Ra1 75. g6+ Kf6 76. Re6+ Kg7 77. Re7+ Kf8
78. Rb7 Rg1+ 79. Kf4 Rf1+ 80. Kg5 Rc1 81. f6 Rg1+ 82. Kf5 Rf1+ 83. Ke5 Re1+ 84.
Kd4 Re8 85. g7+ Kg8 86. f7+ 1-0

[Event "81759 VI. Rakosmente Open"]
[Site "Budapest, Hungary"]
[Date "2013.06.15"]
[Round "2.5"]
[White "Pirityi, Andras"]
[Black "Terbe, Julianna"]
[Result "0-1"]
[WhiteElo "1754"]
[BlackElo "1928"]
[PlyCount "98"]
[EventDate "2013.??.??"]

1. e4 c5 2. Nc3 Nc6 3. g3 g6 4. Bg2 Bg7 5. Nge2 Rb8 6. O-O b5 7. f4 Nd4 8. e5
h5 9. Nxd4 cxd4 10. Ne2 Qb6 11. d3 Nh6 12. a4 a6 13. axb5 axb5 14. Qd2 b4 15.
h3 Nf5 16. Qd1 Bb7 17. Bxb7 Qxb7 18. Qe1 Qd5 19. Ra4 b3 20. Ra5 Qc6 21. cxb3
Rxb3 22. Qd1 Rb8 23. Qa4 Qxa4 24. Rxa4 d6 25. exd6 Nxd6 26. Nxd4 Bxd4+ 27. Rxd4
Nf5 28. Rc4 Nxg3 29. Re1 Nf5 30. b4 O-O 31. Bb2 Rfd8 32. Be5 Rb5 33. d4 Kf8 34.
Kf2 f6 35. Bc7 Rxd4 36. Rxd4 Nxd4 37. Bd8 Nc6 38. Bc7 Nxb4 39. Re6 Nd5 40. Bd8
Ke8 41. Bxe7 Nxe7 42. Rxf6 Rf5 43. Ra6 Rxf4+ 44. Kg3 Rf5 45. Ra8+ Kf7 46. h4
Rb5 47. Ra3 Nf5+ 48. Kf4 Rb4+ 49. Kg5 Rg4# 0-1

[Event "81759 VI. Rakosmente Open"]
[Site "Budapest, Hungary"]
[Date "2013.06.15"]
[Round "2.6"]
[White "Sulcz, Istvan"]
[Black "Kokeny, Norbert Adrian"]
[Result "1/2-1/2"]
[WhiteElo "1903"]
[BlackElo "1782"]
[PlyCount "58"]
[EventDate "2013.??.??"]

1. Nf3 Nf6 2. c4 c6 3. d4 d5 4. Nc3 a6 5. cxd5 cxd5 6. Bf4 Nc6 7. e3 Bf5 8. Be2
e6 9. O-O Be7 10. Ne5 Nxe5 11. Bxe5 O-O 12. Rc1 Rc8 13. Qb3 b5 14. a4 b4 15.
Bxf6 gxf6 16. Na2 a5 17. Bd3 Bg6 18. Rxc8 Qxc8 19. Rc1 Qd7 20. Bxg6 hxg6 21.
Qc2 Rb8 22. b3 Bd8 23. Qc6 Qxc6 24. Rxc6 Kf8 25. Kf1 Rb7 26. g4 g5 27. Ke2 Rc7
28. Rxc7 Bxc7 29. h3 Ke7 1/2-1/2

[Event "81759 VI. Rakosmente Open"]
[Site "Budapest, Hungary"]
[Date "2013.06.15"]
[Round "2.7"]
[White "Szoukup, Istvan"]
[Black "Terbe, Zsuzsanna"]
[Result "1-0"]
[WhiteElo "1722"]
[BlackElo "1866"]
[PlyCount "103"]
[EventDate "2013.??.??"]

1. e4 c5 2. Nf3 Nc6 3. d4 cxd4 4. Nxd4 Nf6 5. Nc3 e5 6. Ndb5 d6 7. Bg5 a6 8.
Na3 b5 9. Nd5 Be7 10. Bxf6 Bxf6 11. c3 O-O 12. Nc2 Bg5 13. a4 bxa4 14. Rxa4 a5
15. h4 Bh6 16. g4 Bf4 17. b4 Bb7 18. b5 Ne7 19. Nxf4 exf4 20. Rd4 Qc7 21. Rc4
Qb6 22. Qd4 Qxd4 23. Rxd4 f5 24. Bc4+ Kh8 25. f3 fxe4 26. fxe4 Rad8 27. O-O Ng6
28. h5 Ne5 29. Be2 f3 30. Bd1 Rf4 31. Ne3 Rxe4 32. Nf5 Rxg4+ 33. Rxg4 Nxg4 34.
Bxf3 Bxf3 35. Rxf3 Ne5 36. Rf1 Nc4 37. Rf4 d5 38. Ne7 Nb6 39. Nc6 Ra8 40. Nxa5
g6 41. h6 Kg8 42. Nc6 Re8 43. Rf6 Nc4 44. Nd4 Rb8 45. Ne6 Nd6 46. b6 Nf5 47.
Rf8+ Rxf8 48. Nxf8 Nd6 49. Ne6 Nb7 50. Kf2 Kf7 51. Ng5+ Kg8 52. Ke3 1-0

[Event "81759 VI. Rakosmente Open"]
[Site "Budapest, Hungary"]
[Date "2013.06.15"]
[Round "2.8"]
[White "Szentgyorgyi, Sandor"]
[Black "Bege, Vencel"]
[Result "1-0"]
[WhiteElo "1861"]
[BlackElo "1743"]
[PlyCount "118"]
[EventDate "2013.??.??"]

1. e4 c5 2. Nf3 Nc6 3. Bb5 a6 4. Bxc6 bxc6 5. O-O g6 6. Re1 d5 7. c3 Bg7 8. d4
cxd4 9. Nxd4 Bd7 10. Bg5 Qb6 11. Nb3 Qb5 12. Na3 Qb7 13. Qe2 e6 14. Nc5 Qc8 15.
Nc2 Nf6 16. e5 Ng8 17. Nb4 a5 18. Nbd3 h5 19. Rab1 Bh6 20. Bf6 Nxf6 21. exf6
O-O 22. Ne5 Be8 23. g4 Qd8 24. gxh5 Qxf6 25. Kh1 Bf4 26. Ncd3 Bxe5 27. Nxe5 Kg7
28. hxg6 fxg6 29. Ng4 Qh4 30. Qxe6 Rf5 31. Qe7+ Qxe7 32. Rxe7+ Bf7 33. Kg2 Rg5
34. f3 c5 35. Rbe1 Rb8 36. R1e2 Rd8 37. Rc7 d4 38. cxd4 cxd4 39. Kf2 d3 40.
Ree7 Rf5 41. Red7 Rxd7 42. Rxd7 Rd5 43. Rxd5 Bxd5 44. b3 d2 45. Ne3 a4 46. bxa4
Bc4 47. Nd1 Bxa2 48. a5 Bd5 49. Ke3 g5 50. Nc3 Bb7 51. f4 Kg6 52. fxg5 Kxg5 53.
Kxd2 Kh4 54. Kd3 Kg5 55. Kc4 Kf4 56. Kc5 Ke5 57. Kb6 Bg2 58. a6 Bh3 59. a7 Bg2
1-0

[Event "81759 VI. Rakosmente Open"]
[Site "Budapest, Hungary"]
[Date "2013.06.15"]
[Round "2.9"]
[White "Safar, Istvan"]
[Black "Lakat, Gyula"]
[Result "1/2-1/2"]
[WhiteElo "1694"]
[BlackElo "1860"]
[PlyCount "101"]
[EventDate "2013.??.??"]

1. e4 e6 2. c3 d5 3. exd5 exd5 4. d4 Nf6 5. Bg5 Be7 6. Nd2 O-O 7. Bd3 h6 8. Bh4
Re8 9. Ne2 c5 10. O-O Nc6 11. h3 c4 12. Bc2 g5 13. Bg3 Nh5 14. f3 Bd6 15. Bxd6
Qxd6 16. Re1 Bd7 17. Nf1 Re7 18. Qd2 Rae8 19. g4 Nf4 20. Nxf4 Rxe1 21. Rxe1
Rxe1 22. Qxe1 Qxf4 23. Qe3 b5 24. Qxf4 gxf4 25. Nd2 Kg7 26. Kf2 h5 27. Kg2 h4
28. Nb1 a6 29. b4 Kf6 30. a3 Kg5 31. Nd2 Ne7 32. Kf2 f5 33. Nf1 Ng8 34. Nd2 Nf6
35. Kg2 Nh7 36. Bb1 Kf6 37. Bc2 Ng5 38. Bb1 Nf7 39. Kf2 Nd6 40. Ke2 Bc6 41.
Bxf5 Nxf5 42. gxf5 Bd7 43. Kf2 Bxf5 44. Kg2 Bc2 45. Kf2 Ke6 46. Kg1 Kd6 47. Kf2
Kc6 48. Kg2 Kb6 49. Kf2 a5 50. Kg2 axb4 51. axb4 1/2-1/2

[Event "81759 VI. Rakosmente Open"]
[Site "Budapest, Hungary"]
[Date "2013.06.15"]
[Round "2.10"]
[White "Suranyi, Pal"]
[Black "Kaloczi, Kristof"]
[Result "1-0"]
[WhiteElo "2115"]
[BlackElo "1586"]
[PlyCount "104"]
[EventDate "2013.??.??"]

1. d4 Nf6 2. Nf3 g6 3. g3 Bg7 4. Bg2 O-O 5. c4 c6 6. O-O d5 7. Ne5 Nbd7 8. Nxd7
Bxd7 9. Nd2 Qc8 10. Re1 Bh3 11. Bh1 Rd8 12. cxd5 Nxd5 13. Nf3 h6 14. Bd2 Qc7
15. Qc2 Rac8 16. Rac1 Bg4 17. Ne5 h5 18. e4 Nb6 19. Bf4 Bxe5 20. Bxe5 Qd7 21.
Qb3 Be6 22. Qa3 a6 23. Qb4 Na8 24. Red1 f6 25. Bf4 b6 26. Qa3 a5 27. h4 Bf7 28.
Be3 Nc7 29. b3 Nb5 30. Qb2 Qb7 31. Qe2 Nd6 32. f4 Qd7 33. Kh2 f5 34. d5 cxd5
35. Bxb6 Re8 36. exd5 Rxc1 37. Rxc1 Qb7 38. Bd4 Nb5 39. Bb2 Qb8 40. Qe5 Qxe5
41. fxe5 Rd8 42. Rc5 Rb8 43. Bf3 a4 44. bxa4 Nc7 45. Rxc7 Rxb2+ 46. Kg1 Kf8 47.
Rc8+ Kg7 48. e6 Bxe6 49. dxe6 Rxa2 50. Bc6 Kf6 51. Bd7 Kg7 52. Rc4 Ra3 1-0